Television and human behavior : (Record no. 48286)
[ view plain ]
| 000 -LEADER | |
|---|---|
| fixed length control field | 00866cam a2200277I 4500 |
| 001 - CONTROL NUMBER | |
| control field | 1316566 |
| 005 - DATE AND TIME OF LATEST TRANSACTION | |
| control field | 20191007101628.0 |
| 008 - FIXED-LENGTH DATA ELEMENTS--GENERAL INFORMATION | |
| fixed length control field | 750507 1963 | eng u |
| 010 ## - LIBRARY OF CONGRESS CONTROL NUMBER | |
| LC control number | 63015796 |
| 040 ## - CATALOGING SOURCE | |
| Transcribing agency | ORL |
| Modifying agency | AKH |
| -- | UtOrBLW |
| 049 ## - LOCAL HOLDINGS (OCLC) | |
| Holding library | AKHA |
| 092 ## - LOCALLY ASSIGNED DEWEY CALL NUMBER (OCLC) | |
| Classification number | 301.243 |
| Item number | A769 |
| 100 1# - MAIN ENTRY--PERSONAL NAME | |
| Personal name | Arons, Leon, |
| Dates associated with a name | 1907- |
| 245 10 - TITLE STATEMENT | |
| Title | Television and human behavior : |
| Remainder of title | tomorrow's research in mass communication / |
| Statement of responsibility, etc | edited by Leon Arons and Mark A. May. |
| 260 ## - PUBLICATION, DISTRIBUTION, ETC. (IMPRINT) | |
| Place of publication, distribution, etc | New York : |
| Name of publisher, distributor, etc | Appleton-Century-Crofts, |
| Date of publication, distribution, etc | 1993. |
| 300 ## - PHYSICAL DESCRIPTION | |
| Extent | 307 pages : |
| Other physical details | illustrations ; |
| Dimensions | 24 cm. |
| 336 ## - CONTENT TYPE | |
| Content Type Term | text |
| Source | rdacontent. |
| 337 ## - MEDIA TYPE | |
| Media Type Term | unmediated |
| Source | rdamedia. |
| 338 ## - CARRIER TYPE | |
| Carrier Type Term | volume |
| Source | rdacarrier. |
| 504 ## - BIBLIOGRAPHY, ETC. NOTE | |
| Bibliography, etc | Includes bibliography. |
| 650 #0 - SUBJECT ADDED ENTRY--TOPICAL TERM | |
| Topical term or geographic name as entry element | Television broadcasting. |
| 650 #0 - SUBJECT ADDED ENTRY--TOPICAL TERM | |
| Topical term or geographic name as entry element | Television viewers. |
| 650 #0 - SUBJECT ADDED ENTRY--TOPICAL TERM | |
| Topical term or geographic name as entry element | Communication |
| General subdivision | Research. |
| 700 1# - ADDED ENTRY--PERSONAL NAME | |
| Personal name | Way, Mark A. |
| 942 ## - ADDED ENTRY ELEMENTS (KOHA) | |
| Source of classification or shelving scheme | Library of Congress Classification |
| Item type | Books |
| Withdrawn status | Lost status | Source of classification or shelving scheme | Damaged status | Not for loan | Home library | Current library | Shelving location | Date acquired | Source of acquisition | Inventory number | Total Checkouts | Full call number | Barcode | Date last seen | Price effective from | Koha item type |
|---|---|---|---|---|---|---|---|---|---|---|---|---|---|---|---|---|
| Library of Congress Classification | BSOP Library | BSOP Library | GC | 10/07/2019 | Readers Services | 5828 | PN1992.5 Ar6 | 00020086 | 10/07/2019 | 10/07/2019 | Books |
